Chanteurs/Groupes australiens - Statistiques

Statistiques générales
  • Ce quiz a été pris 56 fois
  • Le résultat moyen est 6 sur 25
Statistiques - réponses
Titres Artistes % Correct
Hells bells; Highway to hell; You shook me all night long ACDC
92%
Chandelier; Titanium; Courage to change Sia
84%
I should be so lucky; Can't get you out of my head; Magic Kylie Minogue
65%
Aller plus haut; Aimer jusqu'à l'impossible Tina Arena
55%
Dance monkey Tones and I
43%
Original sin; Need you tonight; Suicide blonde INXS
39%
Beds are burning; The dead heart; Blue sky mine Midnight Oil
37%
Torn; Shiver Natalie Imbruglia
35%
Down under; Who can it be now; Overkill Men at Work
33%
Big jet plane Angus & Julia Stone
24%
Where the wild roses grow; In my arms Nick Cave and the Bad Seeds
18%
Walking on a dream Empire of the Sun
16%
Hopelessly Devoted To You; Physical; Xanadu Olivia Newton-John
16%
The Less I Know the Better; Let it happen Tame Impala
16%
She Looks So Perfect; Don't stop 5 Seconds of Summer
12%
Especially for you; Too many broken hearts Jason Donovan
12%
I want you; Truly madly deeply; To the moon and back Savage Garden
12%
Friday on my mind The Easybeats
8%
Don't dream it's over; Fall at your feet Crowded House
6%
Sweet about me Gabriella Cilmi
6%
Lost without you; Born to try; Out of the blue Delta Goodrem
4%
Zebra; Better than John Butler Trio
2%
Since i left you; We go on The Avalanches
2%
One of the boys; Rock'n'roll outlaw Rose Tattoo
0%
Freak; Ana's song; Pure massacre Silverchair
0%
Aucun quiz correspondant
Distribution des résultats
% des personnes avec chaque résultat
Percentile par nombre de réponses
Votre historique - résultats
Vous n’avez pas pris ce quiz